<?xml version="1.0" encoding="UTF-8"?>
<record
    xmlns:xsi="http://www.w3.org/2001/XMLSchema-instance"
    xsi:schemaLocation="http://www.loc.gov/MARC21/slim http://www.loc.gov/standards/marcxml/schema/MARC21slim.xsd"
    xmlns="http://www.loc.gov/MARC21/slim">

  <leader>02227aam a2200349 i 4500</leader>
  <controlfield tag="001">62461</controlfield>
  <controlfield tag="003">CO-MdUADB</controlfield>
  <controlfield tag="005">20260504071454.0</controlfield>
  <controlfield tag="007">ta</controlfield>
  <controlfield tag="008">960313s1990    mk d   gr           spa d</controlfield>
  <datafield tag="020" ind1=" " ind2=" ">
    <subfield code="a">9586012875</subfield>
  </datafield>
  <datafield tag="035" ind1=" " ind2=" ">
    <subfield code="a">62461</subfield>
  </datafield>
  <datafield tag="035" ind1=" " ind2=" ">
    <subfield code="a">(OCoLC)778184600</subfield>
  </datafield>
  <datafield tag="040" ind1=" " ind2=" ">
    <subfield code="a">CO-MdUADB</subfield>
    <subfield code="b">spa</subfield>
    <subfield code="c">CO-MdUADB</subfield>
    <subfield code="e">rda</subfield>
  </datafield>
  <datafield tag="041" ind1=" " ind2=" ">
    <subfield code="a">spa</subfield>
  </datafield>
  <datafield tag="082" ind1=" " ind2="4">
    <subfield code="a">305</subfield>
  </datafield>
  <datafield tag="110" ind1="2" ind2="0">
    <subfield code="a">Universidad Nacional de Colombia (Bogota). Grupo Mujer y Sociedad</subfield>
    <subfield code="4">aut</subfield>
    <subfield code="e">aut</subfield>
    <subfield code="9">828371</subfield>
  </datafield>
  <datafield tag="245" ind1="1" ind2="0">
    <subfield code="a">Mujer, amor y violencia :</subfield>
    <subfield code="b">nuevas interpretaciones de antiguas realidades</subfield>
  </datafield>
  <datafield tag="264" ind1=" " ind2=" ">
    <subfield code="a">Bogot&#xE1; :</subfield>
    <subfield code="b">Tercer Mundo Editores,</subfield>
    <subfield code="c">1990.</subfield>
  </datafield>
  <datafield tag="300" ind1=" " ind2=" ">
    <subfield code="a">208 p&#xE1;ginas :</subfield>
    <subfield code="b">gr&#xE1;ficas en blanco y negro.</subfield>
  </datafield>
  <datafield tag="336" ind1=" " ind2=" ">
    <subfield code="2">rdacontemt</subfield>
    <subfield code="a">texto</subfield>
    <subfield code="b">txt</subfield>
  </datafield>
  <datafield tag="337" ind1=" " ind2=" ">
    <subfield code="a">no mediado</subfield>
  </datafield>
  <datafield tag="338" ind1=" " ind2=" ">
    <subfield code="a">volumen</subfield>
  </datafield>
  <datafield tag="490" ind1="1" ind2=" ">
    <subfield code="a">Grupo mujer  y sociedad.</subfield>
  </datafield>
  <datafield tag="505" ind1=" " ind2=" ">
    <subfield code="a">  </subfield>
    <subfield code="g">PRIMERA PARTE: Ra&#xED;ces de la opresi&#xF3;n de la mujer. --</subfield>
    <subfield code="t"> Cap&#xED;tulo 1: &#xBF;Nos determina la naturaleza? -- &#xBF;Nos condiciona la biolog&#xED;a? -- </subfield>
    <subfield code="t">Cap&#xED;tulo 2: Desentra&#xF1;ando la l&#xF3;gica que presupone la inferioridad de la mujer. --</subfield>
    <subfield code="t">Cap&#xED;tulo 3: De la ambivalencia primigenia frente a la mujer a la misoginia universal. --</subfield>
    <subfield code="t">Cap&#xED;tulo 4: El trabajo dom&#xE9;stico: una forma ancestral de opresi&#xF3;n a la mujer. -- </subfield>
    <subfield code="g">SEGUNDA PARTE:  Amor y violencia. -- </subfield>
    <subfield code="t">Cap&#xED;tulo 1: Freud y la mujer. --    </subfield>
    <subfield code="t">Cap&#xED;tulo 2: Amor, sexualidad y erotismo femenino Deshojando la vida (poemas). --</subfield>
    <subfield code="t">Cap&#xED;tulo 3. Mujer y violencia. --</subfield>
    <subfield code="g">TERCERA PARTE: Estado, infancia y organizaciones femeninas en Colombia. --</subfield>
    <subfield code="t">Cap&#xED;tulo 1: Mujer y pol&#xED;tica social: el caso de los hogares infantiles. -- </subfield>
    <subfield code="t">Cap&#xED;tulo 2: Hacia un nuevo estilo de organizaci&#xF3;n de las mujeres.</subfield>
  </datafield>
  <datafield tag="520" ind1="3" ind2=" ">
    <subfield code="a">RESUMEN: Los art&#xED;culos que conforman esta obra incursionan, desde diversos enfoques, disciplinas y escuelas de pensamiento, en el an&#xE1;lisis de la subordinaci&#xF3;n de la mujer como hecho hist&#xF3;rico-cultural, y en la identificaci&#xF3;n de los procesos gestados por las mujeres para conquistar su autonom&#xED;a. (Tomado de la cubierta). </subfield>
  </datafield>
  <datafield tag="650" ind1=" " ind2="7">
    <subfield code="a">Feminismo</subfield>
    <subfield code="2">armarc</subfield>
    <subfield code="9">1802</subfield>
  </datafield>
  <datafield tag="650" ind1=" " ind2="7">
    <subfield code="a">Mujeres</subfield>
    <subfield code="2">lemb</subfield>
    <subfield code="9">43319</subfield>
  </datafield>
  <datafield tag="650" ind1=" " ind2="7">
    <subfield code="a">Violencia contra la mujer</subfield>
    <subfield code="9">2055</subfield>
    <subfield code="2">lemb</subfield>
  </datafield>
  <datafield tag="830" ind1=" " ind2=" ">
    <subfield code="9">855591</subfield>
    <subfield code="a">Grupo mujer y sociedad. </subfield>
  </datafield>
  <datafield tag="942" ind1=" " ind2=" ">
    <subfield code="c">BOOK</subfield>
    <subfield code="2">ddc</subfield>
  </datafield>
  <datafield tag="999" ind1=" " ind2=" ">
    <subfield code="c">24245</subfield>
    <subfield code="d">24245</subfield>
  </datafield>
  <datafield tag="952" ind1=" " ind2=" ">
    <subfield code="0">0</subfield>
    <subfield code="1">0</subfield>
    <subfield code="4">0</subfield>
    <subfield code="7">0</subfield>
    <subfield code="8">GEN</subfield>
    <subfield code="a">BC</subfield>
    <subfield code="b">BC</subfield>
    <subfield code="d">1997-10-16</subfield>
    <subfield code="i">C101784</subfield>
    <subfield code="l">1</subfield>
    <subfield code="o">305.4 U58m e2</subfield>
    <subfield code="p">61000001784970</subfield>
    <subfield code="r">2024-04-16 00:00:00</subfield>
    <subfield code="s">2024-03-07</subfield>
    <subfield code="t">2</subfield>
    <subfield code="w">2023-04-20</subfield>
    <subfield code="y">BOOK</subfield>
  </datafield>
  <datafield tag="952" ind1=" " ind2=" ">
    <subfield code="0">0</subfield>
    <subfield code="1">0</subfield>
    <subfield code="4">0</subfield>
    <subfield code="7">0</subfield>
    <subfield code="8">GEN</subfield>
    <subfield code="a">BC</subfield>
    <subfield code="b">BC</subfield>
    <subfield code="d">1998-04-22</subfield>
    <subfield code="i">C101785</subfield>
    <subfield code="l">2</subfield>
    <subfield code="m">1</subfield>
    <subfield code="o">305.4 U58m e3</subfield>
    <subfield code="p">61000001361498</subfield>
    <subfield code="r">2026-01-29 13:49:46</subfield>
    <subfield code="s">2025-12-19</subfield>
    <subfield code="t">3</subfield>
    <subfield code="w">2023-04-20</subfield>
    <subfield code="y">BOOK</subfield>
  </datafield>
  <datafield tag="952" ind1=" " ind2=" ">
    <subfield code="0">0</subfield>
    <subfield code="1">0</subfield>
    <subfield code="2">ddc</subfield>
    <subfield code="4">0</subfield>
    <subfield code="5">1</subfield>
    <subfield code="7">0</subfield>
    <subfield code="8">FGEHT</subfield>
    <subfield code="a">BC</subfield>
    <subfield code="b">BC</subfield>
    <subfield code="d">2023-09-28</subfield>
    <subfield code="e">Material adquirido por Donaci&#xF3;n</subfield>
    <subfield code="f">DONA</subfield>
    <subfield code="g">55000.00</subfield>
    <subfield code="l">0</subfield>
    <subfield code="o">GEH 305.42 U588</subfield>
    <subfield code="p">01103281</subfield>
    <subfield code="r">2024-11-06 00:00:00</subfield>
    <subfield code="w">2023-09-28</subfield>
    <subfield code="y">BOOKI</subfield>
  </datafield>
</record>
